| 000 | 00656am a2200265a 44500 | ||
|---|---|---|---|
| 003 | AR-BaBNM | ||
| 005 | 20251128211138.0 | ||
| 008 | 172120s1985 #AR|||||||||||000 | esp|| | ||
| 020 | _a84-7291-877-7 | ||
| 040 | _cAR-BaBNM | ||
| 100 | 1 | _aHallett Carr, Edward | |
| 245 | 1 | 0 | _a1917, antes y después |
| 260 |
_aMadrid _bSarpe _c1985 |
||
| 300 | _a211 p. | ||
| 490 | 0 |
_aBiblioteca de la historia _vv. 31 |
|
| 650 | 4 | _aCOMUNISMO | |
| 650 | 4 | _aHISTORIA EUROPEA | |
| 650 | 4 | _aHISTORIA POLITICA | |
| 650 | 4 | _aMOVIMIENTOS REVOLUCIONARIOS | |
| 650 | 4 | _aMARXISMO | |
| 651 | 4 | _aRusia | |
| 653 | _aREVOLUCION RUSA | ||
| 942 | _cBK | ||
| 998 | _cmariana | ||
| 999 |
_c18440 _d18440 |
||